Normal view MARC view

Entry Nombre personal

Number of records used in: 12

001 - NÚMERO DE CONTROL

  • campo de control: 234309

003 - IDENTIFICADOR DE NÚMERO DE CONTROL

  • campo de control: SpMaBN

005 - FECHA Y HORA DE LA ÚLTIMA TRANSACCIÓN

  • campo de control: 20231025171804.0

008 - ELEMENTOS DE DATO DE LONGITUD-FIJA

  • campo de control de longitud fija: 920420n| aijnnaabn |n aaa

016 ## - NÚMERO DE CONTROL DE UNA AGENCIA BIBLIOGRÁFICA NACIONAL

  • Número de control del registro: BNE19923135978

024 7# - IDENTIFICADOR DE OTROS ESTÁNDARES

  • Número estándar o código: http://viaf.org/viaf/116744393/
  • Fuente: viaf

024 8# - IDENTIFICADOR DE OTROS ESTÁNDARES

  • Número estándar o código: https://data.cervantesvirtual.com/person/42244

024 7# - IDENTIFICADOR DE OTROS ESTÁNDARES

  • Número estándar o código: https://isni.org/isni/0000000084135017
  • Fuente: isni

024 7# - IDENTIFICADOR DE OTROS ESTÁNDARES

  • Número estándar o código: http://www.wikidata.org/entity/Q3399470
  • Fuente: wikidata

040 ## - FUENTE DE CATALOGACIÓN

  • Centro catalogador/agencia de origen: SpMaBN
  • Lengua de catalogación: spa
  • Centro/agencia transcriptor: SpMaBN
  • Normas de descripción: rdc
  • Convención/Normas de encabezamiento de materia/tesauro: embne

046 ## - FECHAS CON CODIFICACIÓN ESPECIAL

  • Fecha de nacimiento: 1948

100 1# - ENCABEZAMIENTO-NOMBRE DE PERSONA

  • Nombre de persona: Martín Garzo, Gustavo,
  • Fechas asociadas al nombre: 1948-

370 ## - LUGAR ASOCIADO

  • Lugar de nacimiento: Valladolid, España
  • Fuente de información: (Wikidata)
  • Número de control del registro de autoridad o número normalizado: XX450812

372 ## - CAMPO DE ACTIVIDAD

  • Campo de actividad: Literatura infantil y juvenil
  • Campo de actividad: Novela
  • Fuente de información: Wikidata

374 ## - OCUPACIÓN

  • Ocupación: Escritores
  • Fuente de información: Wikidata

375 ## - GÉNERO/SEXO

  • Género: Masculino

377 ## - IDIOMA ASOCIADO

  • Término de lengua/lenguaje: Español

400 1# - TRAZADO DE VÉASE--NOMBRE DE PERSONA

  • Nombre de persona: Martin Gkarzo, Goustabo,
  • Fechas asociadas al nombre: 1948-

400 1# - TRAZADO DE VÉASE--NOMBRE DE PERSONA

  • Nombre de persona: Μαρτιν Γκαρθο, Γουσταβο,
  • Fechas asociadas al nombre: 1948-

670 ## - FUENTE DE DATOS ENCONTRADOS

  • Cita de la fuente: Una tienda junto al agua, 1991
  • Información encontrada: port. (Gustavo Martín Garzo) p. 3 (n. en Valladolid, en 1948)

670 ## - FUENTE DE DATOS ENCONTRADOS

  • Cita de la fuente: O epichrysos kēpos, 2010
  • Información encontrada: port. (Goustabo Martin Gkarzo = Γουσταβο Μαρτιν Γκαρθο)

670 ## - FUENTE DE DATOS ENCONTRADOS

  • Cita de la fuente: Dic. de escritores, 1996
  • Información encontrada: (Martín Garzo, Gustavo; n. Valladolid, 1948; escribe narrativa)